000 00228nam a22000977a 4500
022 _a2319-7250
245 _aINDIAN JOURNAL OF PAEDIATRIC DERMATOLOGY
260 _aINDIA
_bWOLTER KLUWER
_c2015
310 _aQUATERLY
942 _2ddc
_cLJ
999 _c6544
_d6544